La Reforma agraria en Latianoamérica /

Guardado en:
書目詳細資料
主要作者: Zambrano Campo, Jaime
格式: Texto
主題:
標簽: 添加標簽
沒有標簽, 成為第一個標記此記錄!

MARC

LEADER 00000 a a2200000 04500
001 9494
003
040
100 |a Zambrano Campo, Jaime  
245 |a La Reforma agraria en Latianoamérica /  |c Jaime Zambrano Campo 
650 |a REFORMA AGRARIA  
773 |g volumen 1, número 54; páginas 1-17  
999 |c 23827  |d 23827